Central Library OPAC University of Rajshahi

Preparative methods of polymer chemistry / (Record no. 11379)

MARC details
000 -LEADER
fixed length control field 00779nam a22002412 4500
001 - CONTROL NUMBER
control field 11379
003 - CONTROL NUMBER IDENTIFIER
rucl marc code BD-RjUL
005 - DATE AND TIME OF LATEST TRANSACTION
control field 20211208235121.0
008 - FIXED-LENGTH DATA ELEMENTS--GENERAL INFORMATION
fixed length control field 140126r19621961nyua b 001 0 eng c
035 ## - SYSTEM CONTROL NUMBER
System control number (BD-RjUL)11428
040 ## - CATALOGING SOURCE
Original cataloging agency DLC/ICU
Transcribing agency CGU
Modifying agency BD-RjUL
Language of cataloging eng
041 ## - LANGUAGE CODE
Language code of text/sound track or separate title eng
082 00 - DEWEY DECIMAL CLASSIFICATION NUMBER
Classification number 547.84
Author mark and year SOP 1962
100 1# - MAIN ENTRY--PERSONAL NAME
Personal name Sorenson, Wayne R.
Fuller form of name (Wayne Richard),
Dates associated with a name 1926-
9 (RLIN) 35179
245 10 - TITLE STATEMENT
Title Preparative methods of polymer chemistry /
Statement of responsibility, etc. Wayne R. Sorenson and Tod W. Campbell.
260 ## - PUBLICATION, DISTRIBUTION, ETC. (IMPRINT)
Place of publication, distribution, etc. New York :
Name of publisher, distributor, etc. Interscience Publishers,
Date of publication, distribution, etc. c1961 [Printing 1962].
300 ## - PHYSICAL DESCRIPTION
Pagination 337 p. :
Illustrations ill. ;
Size 24 cm.
504 ## - BIBLIOGRAPHY, ETC. NOTE
Bibliography, etc Includes bibliography and index.
650 #0 - SUBJECT ADDED ENTRY--TOPICAL TERM
Topical term or geographic name as entry element Polymerization.
9 (RLIN) 35182
700 1# - ADDED ENTRY--PERSONAL NAME
Personal name Campbell, Tod W. ,jt. auth.
942 ## - ADDED ENTRY ELEMENTS (KOHA)
Source of classification or shelving scheme Dewey Decimal Classification
Koha item type Books
Holdings
Lost status Source of classification or shelving scheme Damaged status Not for loan Collection code Permanent Location Current Location Shelving location Date acquired Source of acquisition Cost, normal purchase price Total Checkouts Full call number Date last seen Copy number Koha item type
  Dewey Decimal Classification     Non-fiction Central Library, University of Rajshahi Central Library, University of Rajshahi   11/04/1968 Sweels & Zeitlinger 106.00   547.84 SOP 1962 26/01/2014 C-5 Books
  Dewey Decimal Classification   Not For Loan Non-fiction Central Library, University of Rajshahi Central Library, University of Rajshahi Reading Room 01/12/1965 Zeitlinger 83.00   547.84 SOP 1962 16/10/2016 C-1 Books
  Dewey Decimal Classification     Non-fiction Central Library, University of Rajshahi Central Library, University of Rajshahi   01/12/1965 Zeitlinger 83.00   547.84 SOP 1962 16/05/2017 C-2 Books
  Dewey Decimal Classification     Non-fiction Central Library, University of Rajshahi Central Library, University of Rajshahi   11/04/1968 Sweels & Zeitlinger 106.00   547.84 SOP 1962 16/05/2017 C-3 Books
  Dewey Decimal Classification     Non-fiction Central Library, University of Rajshahi Central Library, University of Rajshahi   11/04/1968 Sweels & Zeitlinger 106.00   547.84 SOP 1962 16/05/2017 C-6 Books
  Dewey Decimal Classification     Non-fiction Central Library, University of Rajshahi Central Library, University of Rajshahi   07/07/1964 Sweels & Zeitlinger 79.00   547.84 SOP 1962 16/05/2017 C-4 Books